000 00713cam a2200241 a 4500
999 _c403
_d403
003 AR-BaISA
005 20230316164134.0
007 ta
008 100312s2017 ag ad |||| 001 0 spa d
020 _a9789500695541
040 _cAR-BaISA
082 0 4 _222
_a615.82 Si33
100 1 0 _aSilberman, Fernando S.
_91007
_eaut.
245 1 0 _aOrtopedia y traumatología /
_cFernando S. Silberman y Oscar Varaona
250 _a4ª ed.
260 _aBuenos Aires:
_bMédica Panamericana,
_c2017
300 _aXXII, 602 p.:
_bil., graf.;
_c27 cm.
504 _aÍndice analítico p: [589]-602
650 1 4 _aOrtopedia
_91008
650 1 4 _aTraumatología
_91009
700 1 _aVaraona, Oscar
_91010
_eaut.
942 _2ddc
_cLI